Megacities with the Shortest Names - Statistics

General Stats
  • This quiz has been taken 53 times
  • The average score is 7 of 9
Answer Stats
Letters Megacity % Correct
Five letters Paris
98%
Five letters Tokyo
96%
Five letters Cairo
92%
Five letters Delhi
84%
Five letters Lagos
84%
Four letters Lima
80%
Five letters Seoul
76%
Five letters Osaka
73%
Five letters Dhaka
67%
No matching quizzes found
Score Distribution
Percent of People with Each Score
Percentile by Number Answered
Your Score History
You have not taken this quiz